Statistics for NBA Starters: Point Guards

Click here to take the quiz!

General Stats

  • This quiz has been taken 562 times
  • The average score is 19 of 30

Answer Stats

Team Player % Correct
ClippersChris Paul
92%
CavaliersKyrie Irving
92%
WarriorsStephen Curry
91%
BullsDerrick Rose
89%
WizardsJohn Wall
88%
ThunderRussell Westbrook
87%
SpursTony Parker
84%
BobcatsKemba Walker
84%
Trail BlazersDamian Lillard
81%
CelticsRajon Rondo
80%
GrizzliesMike Conley
80%
RaptorsKyle Lowry
76%
NetsDeron Williams
75%
JazzMo Williams
75%
HeatMario Chalmers
71%
TimberwolvesRicky Rubio
70%
LakersSteve Nash
69%
PacersGeorge Hill
60%
SunsGoran Dragic
55%
RocketsJeremy Lin
54%
KingsIsaiah Thomas
52%
NuggetsTy Lawson
50%
76ersJrue Holiday
49%
BucksBrandon Jennings
47%
MagicJameer Nelson
46%
KnicksRaymond Felton
40%
PistonsJose Calderon
28%
MavericksDarren Collison
28%
HawksDevin Harris
20%
HornetsGreivis Vasquez
16%

Score Distribution

Percentile by Number Answered

Percent of People with Each Score

Your Score History

You have not taken this quiz